| 000 | 00749nam a2200217Ii 4500 | ||
|---|---|---|---|
| 003 | JO-AjNU | ||
| 008 | 230605s9999||||xx |||||||||||||| ||und|| | ||
| 017 | _a2010/10616 | ||
| 020 | _a978-977-04-6441-6 | ||
| 040 |
_aJO-AjNU _bara _erda _cJO-AjNU |
||
| 041 | _aara | ||
| 050 | 1 | 4 | _aHJ191 2011 |
| 100 | 3 |
_aعلي، محمد ابراهيم الدسوقي, _eauthor _934176 |
|
| 245 | 0 | 0 | _aاقتصاديات المالية العامة |
| 264 | 3 | 1 | _aالقاهرة: دار النهضة العربية، 2011 |
| 300 |
_a146ص _bيحتوي على ببلوغرافية من 136-146ص |
||
| 336 |
_atext _btxt _2rdacontent |
||
| 337 |
_aunmediated _bn _2rdamedia |
||
| 338 |
_avolume _bnc _2rdacarrier |
||
| 650 | 4 |
_aالمالية العامة _934177 |
|
| 999 |
_aA13983 _c17551 _d17551 |
||